000 00267pab a2200109 454500
008 180718b xxu||||| |||| 00| 0 eng d
100 _aSundaram, I.Satya
245 _aSocial Forestry: the missing links
650 _aForest
773 _aFinancial Express
909 _a22633
999 _c22633
_d22633